Construyendo identidades en el lugar = (Registro nro. 244761)

Detalles MARC
000 -LEADER
fixed length control field 01944nam a2200469Ii 4500
001 - CONTROL NUMBER
control field DIGUPILOTCK005
003 - CONTROL NUMBER IDENTIFIER
control field NyNyDIG
008 - FIXED-LENGTH DATA ELEMENTS--GENERAL INFORMATION
fixed length control field 160524s2012 ck a ob 000 0 spa d
006 - FIXED-LENGTH DATA ELEMENTS--ADDITIONAL MATERIAL CHARACTERISTICS
fixed length control field m o d
007 - PHYSICAL DESCRIPTION FIXED FIELD--GENERAL INFORMATION
fixed length control field cr |||||||||||
020 ## - INTERNATIONAL STANDARD BOOK NUMBER
Canceled/invalid ISBN 9789588537528
020 ## - INTERNATIONAL STANDARD BOOK NUMBER
Canceled/invalid ISBN 9588537525
035 ## - SYSTEM CONTROL NUMBER
System control number (OCoLC)931539751
040 ## - CATALOGING SOURCE
Original cataloging agency DGITA
Language of cataloging eng
Description conventions rda
-- pn
Transcribing agency DGITA
041 ## - LANGUAGE CODE
Language code of text/sound track or separate title spa
Language code of summary or abstract eng
043 ## - GEOGRAPHIC AREA CODE
Geographic area code s-ck---
050 14 - LIBRARY OF CONGRESS CALL NUMBER
Classification number NA877.B6 eBook
100 1# - MAIN ENTRY--PERSONAL NAME
Personal name Rueda Plata, Carlos I.
Fuller form of name (Carlos Iván),
Dates associated with a name 1967-
Relator term author.
245 10 - TITLE STATEMENT
Title Construyendo identidades en el lugar =
Remainder of title Building identities in place /
Statement of responsibility, etc. Carlos Iván Rueda Plata.
250 ## - EDITION STATEMENT
Edition statement Primera edición.
264 #1 - PRODUCTION, PUBLICATION, DISTRIBUTION, MANUFACTURE, AND COPYRIGHT NOTICE
Place of production, publication, distribution, manufacture [Bogotá, D.C.] :
Name of producer, publisher, distributor, manufacturer Universidad Piloto de Colombia,
Date of production, publication, distribution, manufacture, or copyright notice 2012.
300 ## - PHYSICAL DESCRIPTION
Extent 1 online resource :
Other physical details illustrations.
336 ## - CONTENT TYPE
Content type term text
Content type code txt
Source rdacontent
337 ## - MEDIA TYPE
Media type term computer
Media type code c
Source rdamedia
338 ## - CARRIER TYPE
Carrier type term online resource
Carrier type code cr
Source rdacarrier
490 1# - SERIES STATEMENT
Series statement Sendas de la modernidad =
-- Paths of modernity ;
Volume/sequential designation 1
504 ## - BIBLIOGRAPHY, ETC. NOTE
Bibliography, etc. note Includes bibliographical references.
546 ## - LANGUAGE NOTE
Language note In Spanish with English summaries.
588 0# - SOURCE OF DESCRIPTION NOTE
Source of description note Online resource; title from PDF title page (Digitalia, viewed May 24, 2016)
650 #0 - SUBJECT ADDED ENTRY--TOPICAL TERM
Topical term or geographic name entry element Architecture
Geographic subdivision Colombia
-- Bogotá
General subdivision History.
650 #0 - SUBJECT ADDED ENTRY--TOPICAL TERM
Topical term or geographic name entry element Architecture, Modern
Chronological subdivision 20th century.
650 #0 - SUBJECT ADDED ENTRY--TOPICAL TERM
Topical term or geographic name entry element Architects
Geographic subdivision Colombia.
651 #0 - SUBJECT ADDED ENTRY--GEOGRAPHIC NAME
Geographic name Bogotá (Colombia)
General subdivision Buildings, structures, etc.
655 #0 - INDEX TERM--GENRE/FORM
Genre/form data or focus term Electronic books.
791 2# -
-- Digitalia (Firm),
-- distributor.
793 0# -
-- Digitalia eBook Collection:
-- Universidad Piloto de Colombia.
776 08 - ADDITIONAL PHYSICAL FORM ENTRY
Relationship information Print version:
Main entry heading Rueda Plata, Carlos I. (Carlos Iván), 1967-
Title Construyendo identidades en el lugar.
Place, publisher, and date of publication [Bogotá] : Universidad Piloto de Colombia, 2012.
International Standard Book Number 9789588537528
Record control number (OCoLC)876680880
830 #0 - SERIES ADDED ENTRY--UNIFORM TITLE
Uniform title Sendas de la modernidad = Paths of modernity ;
Volume/sequential designation 1.
856 40 - ELECTRONIC LOCATION AND ACCESS
Materials specified Digitalia Hispánica
Uniform Resource Identifier <a href="https://www.digitaliapublishing.com/a/39187/">https://www.digitaliapublishing.com/a/39187/</a>
910 ## - USER-OPTION DATA (OCLC)
User-option data Premium Collection: 2016
942 ## - ADDED ENTRY ELEMENTS (KOHA)
Koha item type Recurso Electrónico
Existencias
Withdrawn status Lost status Damaged status Not for loan Collection Home library Current library Date acquired Total checkouts Date last seen Price effective from Koha item type
        Digitalia Ebooks Hispanica Biblioteca Digital UIN Biblioteca Digital UIN 04/25/2025   04/25/2025 04/25/2025 Recurso Electrónico

CONTACTO


NOSOTROS


SITIOS DE INTERES

coordinacion.biblioteca.biblioteca@unienlinea.mx Misión, Visión y Objetivos Bases de datos
Directorio Bibliotecas Digitales y Repositorios
Normatividad Revistas y artículos
Convenios interbibliotecarios
Boletines



Hecho en México. Universidad Insurgentes (UIN). Todos los derechos reservados 2024. Esta página y sus contenidos pueden ser reproducidos con fines no lucrativos, siempre y cuando no se mutile, se cite la fuente completa y su dirección electrónicas. De otra forma requiere permiso previo por escrito de la institución




2024 Copyright Universidad Insurgentes | www.bibliouin.com.mx